Loading...
| Science - Biology | 0 | 4 | 2 | 0 | 30 | 45 | 76.25 | 1 | 1 | 12.01 | 27.50 |
| Social Science | 0 | 2 | 0 | 0 | 20 | 46 | 69.00 | 1 | 1 | 7.38 | 10.83 |
| History - World | 0 | 2 | 0 | 1 | 20 | 125 | 128.00 | 0 | 0 | 0.08 | 3.33 |
| Religion | 0 | 2 | 0 | 1 | 20 | 104 | 109.00 | 0 | 0 | 0.55 | 6.82 |
| Science - Physics | 0 | 2 | 1 | 1 | 15 | 90 | 101.50 | 0 | 0 | 2.24 | 10.00 |
| Other Academic | 0 | 1 | 0 | 0 | 10 | 89 | 89.00 | 0 | 0 | 5.98 | 14.58 |
| Fine Arts - Classical Music | 0 | 1 | 0 | 1 | 10 | 117 | 117.00 | 0 | 0 | 0.33 | 1.67 |
| Science - Other | 0 | 1 | 0 | 0 | 10 | 48 | 48.00 | 0 | 1 | 5.29 | 9.17 |
| History - American | 0 | 1 | 1 | 0 | 5 | 113 | 113.00 | 0 | 0 | 0.74 | 2.50 |
| Fine Arts - Other | 0 | 0 | 1 | 0 | -5 | 0.00 | 0 | 0 | 0.00 | 0.00 |